1719 1709 1780 1327 1761 1570 1251 1403 1551 1083 1190 1650 1648 1251 1510 1734 1551 1995 1759 1717 1407 1217 1120 1474 1851 1408 1016 1416 1819 1829 1576 1558 1005 1458 1874 1284 1463 1939 1122 1254 1971 1014 1720 1651 1098 1868 1041 1801 1977 1812 1435 1130 1598 1481 1482 1694 1397 1440 1138 1657 1570 1912 1950 1659 1972 1776 1567 1304 1976 1885 1520 1910 1286 1035 1440 1662 1215 1621 1285 1090 1750 1664 1773 1480 1754 1205 1944 1191 1464 1655 1918 1914 1891 1298 1815 1433 1255 1880 1064 BCNSPRNW ULIB Ver.6.0+V

เปลี่ยนเป็นภาษาไทย

Change to English
 แสดงรายละเอียดบรรณานุกรม
  กลับหน้าหลัก

Brief Record : Get Marc (ISO 2709) : E-mail record : QR code < ปิดหน้าต่าง
LEADER : 00000nam 2200000uu 4500
001    13399111919
003     ULIB
008    110627s2552||||th 000 0 tha d
020    9786165210041
090    นว.^bม289ก 2552
100 0  มักเน
245 00 เกมร้ายกลรัก/^cมักเน
250    พิมพ์ครั้งที่ 1
260    กรุงเทพฯ :^bมธุรดา,^c2552
300    348 หน้า
710 1  มธุรดา
945    ^p249^l0^i026751
995    ทศพร
999 ^a ใช้งานได้ทุกระบบ
รายการนี้ยังไม่มีแท็ก
คุณยังไม่ได้ล็อกอิน คุณสามารถมีกิจกรรมร่วมกับเว็บไซต์ได้ แต่ต้องล็อกอินก่อน ::
  ล็อกอิน

รายการสื่อสารสนเทศ

ลำดับที่ ประเภท เลขเรียก/บาร์โค้ด สถานที่ สถานะ
- ไม่พบข้อมูล -

รายการใกล้เคียง
    ผู้แต่ง [มักเน]

BibComment


ยังไม่เคยถูกคอมเมนท์

คอมเมนท์ทรัพยากรรายการนี้
  คอมเมนท์: เกมร้ายกลรัก มักเน


 Copyright 2026. Bcnsprnw @Library